DIMENSIONING AND TOLERANCING HANDBOOK (Registro nro. 50088)
[ vista simple ]
| 000 -LEADER | |
|---|---|
| fixed length control field | 00756nam a2200193 a 4500 |
| 001 - CONTROL NUMBER | |
| control field | 50088 |
| 005 - DATE AND TIME OF LATEST TRANSACTION | |
| control field | 20180714035025.0 |
| 008 - FIXED-LENGTH DATA ELEMENTS--GENERAL INFORMATION | |
| fixed length control field | 140415d 000 0 eng d |
| 020 ## - INTERNATIONAL STANDARD BOOK NUMBER | |
| International Standard Book Number | 0070181311 |
| 041 ## - LANGUAGE CODE | |
| Language code of text/sound track or separate title | eng |
| 082 ## - DEWEY DECIMAL CLASSIFICATION NUMBER | |
| Classification number | 620.0045 |
| Item number | DRA |
| 100 1# - MAIN ENTRY--PERSONAL NAME | |
| Personal name | DRAKE, PAUL J. |
| 245 10 - TITLE STATEMENT | |
| Title | DIMENSIONING AND TOLERANCING HANDBOOK |
| 250 ## - EDITION STATEMENT | |
| Edition statement | 1a ed. |
| 260 ## - PUBLICATION, DISTRIBUTION, ETC. | |
| Place of publication, distribution, etc. | [s.l.] : |
| Name of publisher, distributor, etc. | MCGRAW-HILL COMPANIES, |
| Date of publication, distribution, etc. | [s.f.] |
| 300 ## - PHYSICAL DESCRIPTION | |
| Extent | 280 |
| Dimensions | 19.2 x 4.3 x 24 |
| 520 ## - SUMMARY, ETC. | |
| Summary, etc. | THE ONLY BOOK TO TIE THE ENTIRE PORDUCT DESIGN PROCESS TOGETHER WITH THE LATEST BEST PRACTICE METHODS, DIMENSIONING AND TOLERANCING HANDBOOK USHERS IN A A WHOLE NWE WAY TO IMPROVE MECHANICAL DESIGN AND MANUFACTURING QUALITY WHILE CUTTING COSTS |
| 650 14 - SUBJECT ADDED ENTRY--TOPICAL TERM | |
| Topical term or geographic name entry element | TOLERANCIAS (INGENIERIA) |
| Withdrawn status | Lost status | Source of classification or shelving scheme | Damaged status | Not for loan | Collection code | Home library | Current library | Shelving location | Date acquired | Source of acquisition | Inventory number | Total Checkouts | Full call number | Barcode | Date last seen | Date last checked out | Price effective from | Koha item type |
|---|---|---|---|---|---|---|---|---|---|---|---|---|---|---|---|---|---|---|
| Dewey Decimal Classification | General | Biblioteca Karol Wojtyla | Biblioteca Karol Wojtyla | Sala general | 03/12/2013 | Compra | 151000000000000000003404 | 4 | 620.0045 DRA | 74799 | 05/01/2026 | 27/01/2025 | 03/12/2013 | Libro |